000
00299nam a22001337a 4500
008
171005b xxu||||| |||| 00| 0 eng d
020
_a
9780632011469
041
_a
eng
080
_a
519.9
100
_a
49
101
_a
PSI
245
_a
SELF-ASSESSMENT IN PSYCHIATRY
_c
FARMER,R
942
_2
udc
_c
BK
999
_c
31965
_d
31965